000 00387nam a2200157Ia 4500
003 OSt
005 20231212075509.0
008 170524s9999 xx 000 0 und d
020 _a978-1-84872-821-9
040 _cIIMT UNIVERSITY
100 _aMONE EDWARD
100 _c2012
245 0 _aEMPLOYEE ENGAGEMENT THROUGH EFFECTIVE PERFORMANCE MANAGEMENT
260 _aTMH
942 _2ddc
_c02
999 _c2897
_d2897